000
00239nam a22001097a 4500
082
_a
WAR
100
_a
Warring R H
245
_a
Pumps selection systems and applications
260
_a
England
_b
Trade
_c
1979
300
_a
279
942
_c
BK
999
_c
12411
_d
12411